00816nam a2200265 i 4500001000500000005001700005007000300022008004100025020001500066020001800081040003500099084001100134100004600145245004900191250002600240264003000266300002500296336002700321337003300348338002800381650003800409650004200447650003200489650002900521447220260224165341.0ta160601s2003 ck a gs 000 f spa d a9587040309 a9789587040302 aCO-BoRNBPbspacCO-BoRNBPerda aN TOL21 aToledo Zamora, Fernandod1948-2014eautor10aLiturgia de difuntoscFernando Toledo Zamora aPrimera reimpresión 1aBogotábAlfaguarac2003 a222 páginasc24 cm atextobtxt2rdacontent asin mediaciónbn2rdamedia avolumenbnc2rdacarrier14aNovela colombianaySiglo XX2LEMB14aLiteratura colombianaySiglo XX2LEMB14aInquisiciónvNovela2LEMB14aSefarditasvNovela2LEMB